Философский практикум: учебное пособие

書誌詳細
第一著者: Баранов Г. В. Геннадий Владимирович
要約:Представлена последовательность систематического изучения теории философии, организованная дидактическими единицами Государственного образовательного стандарта высшего профессионального образования второго поколения. Содержание книги раскрывает систему философии как универсума рационально-логического знания, которое может быть освоено обучающимися в режиме организованного творческого исследования онтологических, гносеологических, экологических, антропологических, социальных проблем. Рекомендуется для оптимизации самостоятельной работы и эффективного использования контрольно-обучающих методик освоения философии, стимулирующих активную мыследеятельность. Для студентов вузов, учащихся колледжей, бакалавров, магистров, аспирантов и соискателей, а также лиц, интересующихся философскими проблемами.
言語:ロシア語
出版事項: Москва, ЮНИТИ, 2005
版:2-е изд.
主題:
フォーマット: MixedMaterials 図書
KOHA link:https://koha.lib.tpu.ru/cgi-bin/koha/opac-detail.pl?biblionumber=113929

MARC

LEADER 00000nam0a2200000 4500
001 113929
005 20231101215147.0
010 |a 5238008708 
035 |a (RuTPU)RU\TPU\book\123201 
090 |a 113929 
100 |a 20070417d2005 m y0rusy50 ca 
101 0 |a rus 
102 |a RU 
105 |a y j 001zy 
200 1 |a Философский практикум  |e учебное пособие  |f Г. В. Баранов 
205 |a 2-е изд. 
210 |a Москва  |c ЮНИТИ  |d 2005 
215 |a 527 с. 
320 |a Библиогр.: с. 517-522. 
330 |a Представлена последовательность систематического изучения теории философии, организованная дидактическими единицами Государственного образовательного стандарта высшего профессионального образования второго поколения. Содержание книги раскрывает систему философии как универсума рационально-логического знания, которое может быть освоено обучающимися в режиме организованного творческого исследования онтологических, гносеологических, экологических, антропологических, социальных проблем. Рекомендуется для оптимизации самостоятельной работы и эффективного использования контрольно-обучающих методик освоения философии, стимулирующих активную мыследеятельность. Для студентов вузов, учащихся колледжей, бакалавров, магистров, аспирантов и соискателей, а также лиц, интересующихся философскими проблемами. 
606 1 |a Философия  |2 stltpush  |3 (RuTPU)RU\TPU\subj\63880  |9 80812 
610 1 |a практикумы 
610 1 |a учебные пособия 
610 1 |a человек 
610 1 |a предмет 
610 1 |a функции 
610 1 |a бытие 
610 1 |a диалектика 
610 1 |a сознание 
610 1 |a познание 
610 1 |a общество 
610 1 |a культура 
610 1 |a цивилизация 
610 1 |a будущее 
610 1 |a проблемы 
610 1 |a современность 
686 |a Ю0/3я73  |v LBC/SL-A  |2 rubbk 
700 1 |a Баранов  |b Г. В.  |g Геннадий Владимирович 
801 1 |a RU  |b 63413507  |c 20070417  |g PSBO 
801 2 |a RU  |b 63413507  |c 20140114  |g PSBO 
900 |a Философия 
942 |c BK 
951 |a 540200 
959 |a 29/20070323  |d 1  |e 198,00  |f ЧЗГЛ:1